[Event "Novosibirsk Seniors op"]
[Site "Novosibirsk"]
[Date "2010.09.29"]
[Round "5"]
[White "Klyushnichenko, Victor"]
[Black "Beljdy, Alexander"]
[Result "0-1"]
[WhiteElo "2029"]
[BlackElo "1937"]
[PlyCount "42"]
[EventDate "2010.09.24"]
[EventType "swiss"]
[EventRounds "9"]
[EventCountry "RUS"]
[SourceTitle "EXT 2014"]
[Source "ChessBase"]
[SourceDate "2013.11.20"]
[SourceVersion "1"]
[SourceVersionDate "2013.11.20"]
[SourceQuality "1"]

1. e4 d6 2. d4 Nf6 3. Bd3 g6 4. c3 Bg7 5. Bg5 0-0 6. Nd2 Re8 7. Ngf3 Nbd7 8. Nf1 c5 9. d5 Qa5 10. Ng3 b5 11. 0-0 c4 12. Be2 Nc5 13. Qc2 h6 14. Be3 Qc7 15. Nd4 Bd7 16. f4 a6 17. b3 cxb3 18. axb3 Ng4 19. Rf3 Nxe3 20. Rxe3 e5 21. Nf3 exf4 0-1

[Event "Novosibirsk Region-ch Seniors"]
[Site "Novosibirsk"]
[Date "2009.02.??"]
[Round "7"]
[White "Bychkov, Leonid Fedorovich"]
[Black "Klyushnichenko, Victor"]
[Result "0-1"]
[WhiteElo "1851"]
[BlackElo "2001"]
[PlyCount "82"]
[EventDate "2009.02.??"]
[EventType "swiss"]
[EventRounds "9"]
[EventCountry "RUS"]
[SourceTitle "EXT 2012"]
[Source "ChessBase"]
[SourceDate "2011.11.24"]
[SourceVersion "1"]
[SourceVersionDate "2011.11.24"]
[SourceQuality "1"]

1. d4 d5 2. c4 c6 3. cxd5 Qxd5 4. Nc3 Qd8 5. Nf3 Bg4 6. Bf4 Nf6 7. Qb3 Qb6 8. Qxb6 axb6 9. Ne5 Bf5 10. f3 e6 11. e4 Bg6 12. Bc4 b5 13. Bb3 Be7 14. 0-0 0-0 15. a3 Rd8 16. Rfd1 Nh5 17. Be3 Nf6 18. d5 exd5 19. exd5 Nbd7 20. Nxg6 hxg6 21. d6 Bf8 22. Rd2 b4 23. Na4 bxa3 24. bxa3 b5 25. Nc5 Nxc5 26. Bxc5 Nd7 27. Bf2 Ra5 28. Bc2 b4 29. a4 c5 30. Rd5 Rb8 31. Bb3 Rb6 32. Re1 Rxd6 33. Rxd6 Bxd6 34. Re8+ Bf8 35. Rd8 Nb6 36. Rb8 Nd7 37. Rb7 Ne5 38. f4 c4 39. Bb6 cxb3 40. fxe5 Rd5 41. e6 fxe6 0-1

[Event "Novosibirsk Region-ch Seniors"]
[Site "Novosibirsk"]
[Date "2009.02.??"]
[Round "2"]
[White "Klyushnichenko, Victor"]
[Black "Klimentieva, Zoja"]
[Result "0-1"]
[WhiteElo "2001"]
[BlackElo "2003"]
[PlyCount "63"]
[EventDate "2009.02.??"]
[EventType "swiss"]
[EventRounds "9"]
[EventCountry "RUS"]
[SourceTitle "EXT 2012"]
[Source "ChessBase"]
[SourceDate "2011.11.24"]
[SourceVersion "1"]
[SourceVersionDate "2011.11.24"]
[SourceQuality "1"]

1. e4 e5 2. Nf3 Nc6 3. Bb5 Nge7 4. d3 a6 5. Ba4 b5 6. Bb3 Ng6 7. Ng5 Qf6 8. Nxf7 Bc5 9. 0-0 Nd4 10. Bg5 Qb6 11. Nxh8 Nxh8 12. Nc3 Nxb3 13. axb3 Qg6 14. Bh4 c6 15. Bg3 Nf7 16. Kh1 d6 17. Qd2 Ra7 18. f4 exf4 19. Rxf4 Bd4 20. Ne2 Bf6 21. Rf2 Bxb2 22. Raf1 Bf6 23. Qe3 Re7 24. Nd4 c5 25. Nf5 Bxf5 26. Rxf5 h5 27. Qf3 h4 28. Bf4 Ne5 29. Qh5 Qxh5 30. Rxh5 Nf7 31. Ra1 Bxa1 32. Rxh4 0-1

[Event "Novosibirsk Region-ch Seniors"]
[Site "Novosibirsk"]
[Date "2009.02.??"]
[Round "5"]
[White "Kuryshev, Alexander"]
[Black "Klyushnichenko, Victor"]
[Result "1-0"]
[WhiteElo "2035"]
[BlackElo "2001"]
[PlyCount "89"]
[EventDate "2009.02.??"]
[EventType "swiss"]
[EventRounds "9"]
[EventCountry "RUS"]
[SourceTitle "EXT 2012"]
[Source "ChessBase"]
[SourceDate "2011.11.24"]
[SourceVersion "1"]
[SourceVersionDate "2011.11.24"]
[SourceQuality "1"]

1. e4 c6 2. d4 d5 3. e5 Bf5 4. c3 e6 5. b4 a6 6. a4 Nd7 7. a5 Ne7 8. Bg5 h6 9. Bxe7 Qxe7 10. Nd2 Qg5 11. Ngf3 Qd8 12. Nb3 Be7 13. Nc5 Rb8 14. Na4 0-0 15. Bd3 Bg4 16. Bc2 f6 17. h3 Bxf3 18. gxf3 f5 19. Nc5 Kf7 20. f4 g6 21. Rg1 Rg8 22. Rg2 Bxc5 23. dxc5 Qh4 24. Qf3 g5 25. fxg5 Nxe5 26. Qe2 Nc4 27. g6+ Kf6 28. 0-0-0 Qf4+ 29. Kb1 Na3+ 30. Kb2 Nxc2 31. Qxc2 Qe4 32. Rdg1 Qxc2+ 33. Kxc2 Rg7 34. h4 h5 35. Rg5 Rh8 36. f4 Rh6 37. Kd3 Rgxg6 38. Kd4 Kf7 39. Ke5 Rxg5 40. Rxg5 Rh7 41. Kd6 Kf6 42. Rg8 Rh6 43. Re8 Kf7 44. Re7+ Kf8 45. Rxe6 1-0

[Event "SFR-ch Seniors"]
[Site "Novosibirsk"]
[Date "2008.10.09"]
[Round "2"]
[White "Bogachev, Alexandr"]
[Black "Klyushnichenko, Victor"]
[Result "1-0"]
[WhiteElo "2131"]
[BlackElo "2027"]
[PlyCount "121"]
[EventDate "2008.10.08"]
[EventType "swiss"]
[EventRounds "9"]
[EventCountry "RUS"]
[SourceTitle "EXT 2022"]
[Source "ChessBase"]
[SourceDate "2021.10.06"]
[SourceVersion "1"]
[SourceVersionDate "2021.10.06"]
[SourceQuality "1"]

1. d4 d5 2. e3 c6 3. Bd3 Nf6 4. Nd2 Bg4 5. Ne2 Nbd7 6. f4 e6 7. 0-0 Bf5 8. Nf3 a6 9. Ng3 Bxd3 10. Qxd3 c5 11. c3 c4 12. Qc2 b5 13. Ne5 Bd6 14. e4 Qb6 15. Nxd7 Nxd7 16. e5 Be7 17. Kh1 0-0 18. f5 Bh4 19. Rf3 Qd8 20. Bf4 Qe7 21. Raf1 Bxg3 22. Rxg3 Kh8 23. Rh3 exf5 24. Qxf5 g6 25. Qg4 a5 26. Bh6 f5 27. Qxg6 hxg6 28. Bxf8+ Qh7 29. Rxh7+ Kxh7 30. Bd6 Re8 31. g4 Nb6 32. gxf5 gxf5 33. Rxf5 Na4 34. Rf2 Kg6 35. Kg2 Re6 36. h4 Kh5 37. Kh3 Rg6 38. Bf8 Re6 39. Rg2 Rg6 40. Rf2 Re6 41. a3 Re8 42. Bg7 Re6 43. Bf6 Rb6 44. Rg2 b4 45. Bd8 bxc3 46. bxc3 Rb3 47. Rg5+ Kh6 48. Bxa5 Nxc3 49. Kg4 Ne4 50. Rf5 Rxa3 51. Bb4 Rb3 52. Bf8+ Kh7 53. e6 c3 54. Rf7+ Kg8 55. Bh6 c2 56. Rg7+ Kh8 57. Rc7 Rd3 58. Kf5 Kg8 59. Rxc2 Rxd4 60. Rc8+ Kh7 61. Bf4 1-0

[Event "Novosibirsk-ch Seniors"]
[Site "Novosibirsk"]
[Date "2008.02.11"]
[Round "9"]
[White "Klyushnichenko, Victor"]
[Black "Kozdov, Nikolai"]
[Result "0-1"]
[WhiteElo "2027"]
[BlackElo "2053"]
[PlyCount "42"]
[EventDate "2008.02.03"]
[EventType "swiss"]
[EventRounds "9"]
[EventCountry "RUS"]
[SourceTitle "EXT 2010"]
[Source "ChessBase"]
[SourceDate "2010.11.25"]
[SourceVersion "1"]
[SourceVersionDate "2010.11.25"]
[SourceQuality "1"]

1. e4 e6 2. d4 d5 3. Nd2 c5 4. dxc5 Bxc5 5. Nb3 Bb6 6. exd5 exd5 7. Bb5+ Nc6 8. Qe2+ Be6 9. Nf3 Nge7 10. c3 0-0 11. Bg5 Qd6 12. Bd3 Ng6 13. g3 Bg4 14. h3 Rae8 15. hxg4 Rxe2+ 16. Kxe2 Qe6+ 17. Kf1 Qxg4 18. Kg2 Nce5 19. Nxe5 Qxg5 20. Nxg6 fxg6 21. Raf1 a5 0-1

[Event "Novosibirsk-ch sf"]
[Site "Novosibirsk"]
[Date "2008.01.17"]
[Round "4"]
[White "Vasiliev, Igor"]
[Black "Klyushnichenko, Victor"]
[Result "0-1"]
[WhiteElo "2271"]
[BlackElo "2027"]
[PlyCount "62"]
[EventDate "2008.01.13"]
[EventType "swiss"]
[EventRounds "9"]
[EventCountry "RUS"]
[SourceTitle "EXT 2010"]
[Source "ChessBase"]
[SourceDate "2010.11.25"]
[SourceVersion "1"]
[SourceVersionDate "2010.11.25"]
[SourceQuality "1"]

1. e4 c6 2. d4 d5 3. exd5 Qxd5 4. Nc3 Qd8 5. Bc4 Bf5 6. Nf3 e6 7. 0-0 Nf6 8. Bg5 Be7 9. Re1 0-0 10. Ne2 Nbd7 11. Ng3 Bg6 12. c3 Qb6 13. Ne5 Nxe5 14. dxe5 Rad8 15. Qe2 Nd5 16. Bxe7 Nxe7 17. Rad1 Nd5 18. Bxd5 Rxd5 19. Rxd5 cxd5 20. h4 h6 21. b3 Rd8 22. Qe3 Qa5 23. a4 Bc2 24. Nh5 d4 25. Qg3 Bg6 26. Nf4 dxc3 27. Rc1 c2 28. Kh2 Rd1 29. Qe3 Rxc1 30. Qxc1 Qxe5 31. g3 Qd4 0-1

[Event "Novosibirsk-ch sf"]
[Site "Novosibirsk"]
[Date "2008.01.13"]
[Round "1"]
[White "Klyushnichenko, Victor"]
[Black "Kudrin, Yury"]
[Result "1-0"]
[WhiteElo "2027"]
[BlackElo "1826"]
[PlyCount "55"]
[EventDate "2008.01.13"]
[EventType "swiss"]
[EventRounds "9"]
[EventCountry "RUS"]
[SourceTitle "EXT 2010"]
[Source "ChessBase"]
[SourceDate "2010.11.25"]
[SourceVersion "1"]
[SourceVersionDate "2010.11.25"]
[SourceQuality "1"]

1. e4 e5 2. Nf3 Nf6 3. Nxe5 d6 4. Nf3 Nxe4 5. Qe2 Qe7 6. d3 Nf6 7. Bg5 Qxe2+ 8. Bxe2 Be7 9. Nc3 c6 10. 0-0 h6 11. Bh4 Na6 12. Rfe1 Nc5 13. Nd4 0-0 14. Bf3 Ne6 15. Nf5 Re8 16. Nxe7+ Rxe7 17. Ne4 Kh7 18. Nxf6+ gxf6 19. Bxf6 Re8 20. Be4+ Kg8 21. Re3 d5 22. Rg3+ Kf8 23. Bh7 Ng5 24. Bxg5 hxg5 25. Rxg5 Re2 26. Kf1 Re6 27. Rg8+ Ke7 28. Bf5 1-0